| 000 | 00468nam a22001697a 4500 | ||
|---|---|---|---|
| 999 |
_c40895 _d40895 |
||
| 003 | OSt | ||
| 005 | 20200812141602.0 | ||
| 008 | 200812b ||||| |||| 00| 0 eng d | ||
| 020 | _a9788125039501 | ||
| 040 | _coclc | ||
| 082 |
_a292.13 _bGAR/R |
||
| 100 | _a Gardner, Jane F | ||
| 245 |
_aRoman Myths / _cJane F Gardner |
||
| 260 |
_aNew Delhi: _bOrient Blackswan, _c2010. |
||
| 300 | _a80p | ||
| 942 |
_cBK _2ddc _h292.13 _iGAR/R _k292.13 _mGAR/R |
||